Deutsche Städte nach Vororten - Statistiken

Allgemein
  • Dieses Quiz wurde 400 mal gespielt
  • Das Durchschnittsergebnis liegt bei 13 aus 20
Antwortstatistiken
Vororte Stadt % Korrekt
Potsdam, Bernau, Teltow Berlin
96%
Offenbach, Bad Vilbel, Eschborn Frankfurt am Main
95%
Fürth, Erlangen, Lauf a.d. Pegnitz Nürnberg
94%
Leverkusen, Frechen, Bergisch Gladbach Köln
92%
Esslingen, Ludwigsburg, Filderstadt Stuttgart
86%
Norderstedt, Reinbek, Seevetal Hamburg
85%
Germering, Unterschleißheim, Unterhaching München
85%
Völklingen, St. Ingbert, Sulzbach/Saar Saarbrücken
76%
Delmenhorst, Achim, Stuhr Bremen
72%
Heidenau, Freital, Radebeul Dresden
63%
Laatzen, Garbsen, Langenhagen Hannover
63%
Schkeuditz, Taucha, Markkleeberg Leipzig
63%
Stolberg, Würselen, Eschweiler Aachen
49%
Ettlingen, Rheinstetten, Stutensee Karlsruhe
45%
Baunatal, Vellmar, Kaufungen Kassel
43%
Bad Schwartau, Stockelsdorf, Ratekau Lübeck
40%
Lahnstein, Bendorf, Vallendar Koblenz
33%
Gersthofen, Friedberg, Neusäß Augsburg
29%
Georgsmarienhütte, Belm, Wallenhorst Osnabrück
27%
Kreuztal, Netphen, Wilnsdorf Siegen
22%
Keine übereinstimmenden Quizze gefunden
Verteilung der Resultate
Anzahl Personen mit jedem Resultat
Perzentil nach korrekt beantworteten Fragen
Ihre Resultats-Entwicklung
Sie haben dieses Quiz noch nicht gespielt